| 000 | 02015nam a2200325 a 4500 | ||
|---|---|---|---|
| 003 | EG-GiCUC | ||
| 005 | 20250223025911.0 | ||
| 008 | 090716s2003 ua f m 000 0 ara d | ||
| 040 |
_aEG-GiCUC _bara _cEG-GiCUC |
||
| 041 | 0 | _aara | |
| 049 | _aايداع | ||
| 097 | _aماجستير | ||
| 099 | _aCai01.02.01.M.A.2003.ام.م | ||
| 100 | 0 | _aامل رضوان سالم | |
| 245 | 1 | 2 |
_aالمشكلات الاجتماعية المترتبة على الاصابة بسرطان العظام : _bدراسة فى الانثروبوجيا الطبية / _cامل رضوان سالم ؛ اشراف محمد الجوهرى |
| 260 |
_aالقاهرة : _bامل رضوان سالم : _c2003 |
||
| 300 |
_a254ص ؛ _c25سم |
||
| 502 | _aاطروحة (ماجستير) - جامعة القاهرة - كلية الاداب - قسم الاجتماع | ||
| 520 | _aتنتمى هذه الدراسة الى ميدان الانثروبولوجيا الطبية وهى احد فروع الانثروبولوجيا التى تهتم بدراسة الجوانب الاجتماعية والثقافية للصحة والمرض وقد اتجه الباحثون فى العلوم الاجتماعية الى الاهتمام بدراسة الجوانب الاجتماعية والثقافية للصحة والمرض . وتهتم الدراسة بصفة اساسية بموضوع سرطان العظام حيث يعد السرطان احد الامراض المزمنة الذى تتزايد الاصابة به باستمرار مع عدم التوصل العلمى للاسباب المباشرة التى تؤدى الية | ||
| 530 | _aصدر ايضا كقرص مدمج | ||
| 653 | 4 | _aالانثروبوجيا الطبية | |
| 653 | 4 | _aالمشكلات الاجتماعية | |
| 653 | 4 | _aسرطان العظام | |
| 700 | 0 |
_aمحمد الجوهرى : _eمشرف |
|
| 856 | _uhttp://172.23.153.220/th.pdf | ||
| 902 | _a1 | ||
| 905 |
_aFatma _eCataloger |
||
| 905 |
_aNazla _eRevisor |
||
| 942 |
_2ddc _cTH |
||
| 999 |
_c23135 _d23135 |
||